[Event "79th ch-GER"]
[Site "Bad Woerishofen GER"]
[Date "2008.02.16"]
[Round "2"]
[White "Buhmann,R"]
[Black "Reuss,A"]
[Result "1-0"]
[WhiteElo "2570"]
[BlackElo "2326"]

1.d4 Nf6 2.Nf3 g6 3.c4 Bg7 4.Nc3 O-O 5.e4 d6 6.Be2 e5 7.O-O exd4 8.Nxd4 Nc6
9.Be3 Re8 10.f3 Nh5 11.Qd2 Nf4 12.Rfd1 Bxd4 13.Bxd4 Qg5 14.Bf1 Nh3+ 15.Kh1 Qxd2
16.Rxd2 Nxd4 17.Rxd4 Nf4 18.Rc1 Kg7 19.Rd2 b6 20.Nd5 Ne6 21.g3 Bb7 22.Bh3 Ng5
23.Bg2 Ne6 24.Kg1 a5 25.b3 Rab8 26.Rc3 Bc6 27.Kf2 Rb7 28.a3 Ra7 29.h4 Nc5
30.g4 h6 31.Kg3 Ne6 32.Bf1 Nc5 33.Re3 Rb8 34.g5 hxg5 35.hxg5 Rh8 36.Bg2 Rb7
37.Rc3 Ne6 38.f4 b5 39.cxb5 Bxb5 40.f5 Nc5 41.f6+ Kf8 42.Nf4 Rb8 43.e5 dxe5
44.Nxg6+ fxg6 45.Rxc5 Rh7 46.Rxe5 Bd7 47.Rd3 Bf5 48.Rxf5 gxf5 49.Bd5 Rh5
50.Kf4 Rb6 51.Bc4  1-0

[Event "10th TCh-Euro sen"]
[Site "Dresden GER"]
[Date "2008.02.16"]
[Round "6"]
[White "Schmidt,Wl"]
[Black "Westerinen,H"]
[Result "1/2-1/2"]
[WhiteElo "2404"]
[BlackElo "2362"]

1.d4 Nf6 2.c4 g6 3.Nc3 Bg7 4.e4 d6 5.Be2 O-O 6.Nf3 e5 7.Be3 exd4 8.Nxd4 Re8
9.f3 c6 10.Qd2 d5 11.exd5 cxd5 12.O-O Nc6 13.c5 Be6 14.Rfd1 Nd7 15.Ncb5 Nxc5
16.Nxc6 bxc6 17.Bxc5 cxb5 18.Bxb5 Qc7 19.Bd4 Bxd4+ 20.Qxd4 Reb8 21.Rac1 Qb6
22.Bc6 Qxd4+ 23.Rxd4 Rc8 24.Rc3 Rab8 25.Bxd5 Rxc3 26.bxc3 Rb1+ 27.Kf2 Rb2+
28.Kg3 Bxd5 29.Rxd5 Rxa2 30.c4  1/2-1/2

[Event "79th ch-GER"]
[Site "Bad Woerishofen GER"]
[Date "2008.02.17"]
[Round "3"]
[White "Siebrecht,S"]
[Black "Heinig,Wo"]
[Result "1-0"]
[WhiteElo "2487"]
[BlackElo "2338"]

1.d4 Nf6 2.Nf3 g6 3.c4 Bg7 4.Nc3 O-O 5.e4 d6 6.Be2 e5 7.O-O Na6 8.Re1 c6
9.Bf1 exd4 10.Nxd4 Ng4 11.Nf3 Qb6 12.Re2 Be6 13.h3 Ne5 14.Nxe5 dxe5 15.Be3 Qb4
16.c5 Rfd8 17.Rd2 Qa5 18.a3 Rxd2 19.Qxd2 Bb3 20.Nb1 Qd8 21.Qc3 Qd1 22.Nd2 Qxa1
23.Qxb3 Rb8 24.Kh2 Nc7 25.Bc4 Rf8 26.Qxb7 Ne8 27.Nf3 Nf6 28.Nxe5 Nxe4 29.Nxf7 Qxb2
30.Ne5+  1-0

[Event "TCh-HUN 2007-8"]
[Site "Budapest HUN"]
[Date "2008.02.17"]
[Round "6"]
[White "Nguyen Huynh Minh Huy"]
[Black "Galyas,M"]
[Result "1/2-1/2"]
[WhiteElo "2398"]
[BlackElo "2433"]

1.d4 Nf6 2.c4 g6 3.Nc3 Bg7 4.e4 d6 5.Nf3 O-O 6.Be2 Na6 7.O-O e5 8.Be3 Ng4
9.Bg5 Qe8 10.h3 h6 11.Bh4 Nf6 12.Bxf6 Bxf6 13.c5 Bg7 14.cxd6 cxd6 15.dxe5 dxe5
16.Rc1 Be6 17.Qd6 Qd8 18.Qa3 Qb6 19.Bxa6 Qxa6 20.Qxa6 bxa6 21.b3 Rfc8  1/2-1/2

[Event "79th ch-GER"]
[Site "Bad Woerishofen GER"]
[Date "2008.02.18"]
[Round "4"]
[White "Solonar,S"]
[Black "Grimberg,B"]
[Result "0-1"]
[WhiteElo "2371"]
[BlackElo "2261"]

1.c4 Nf6 2.Nc3 g6 3.e4 d6 4.d4 Bg7 5.Nf3 O-O 6.Be2 e5 7.Be3 exd4 8.Nxd4 Re8
9.f3 c6 10.Qd2 d5 11.exd5 cxd5 12.c5 Qe7 13.Kf2 Nc6 14.Nxc6 bxc6 15.Bd4 Rb8
16.a3 Rxb2 17.Qxb2 Ng4+ 18.fxg4 Bxd4+ 19.Kg3 Qe3+ 20.Bf3 Be5+  0-1

[Event "79th ch-GER"]
[Site "Bad Woerishofen GER"]
[Date "2008.02.18"]
[Round "4"]
[White "Hausrath,D"]
[Black "Lichman,P"]
[Result "1-0"]
[WhiteElo "2507"]
[BlackElo "2334"]

1.Nf3 Nf6 2.c4 g6 3.Nc3 Bg7 4.e4 d6 5.d4 O-O 6.Be2 e5 7.d5 a5 8.h3 Na6 9.Bg5 Nc5
10.Nd2 Bd7 11.b3 c6 12.a3 h6 13.Be3 Ne8 14.b4 axb4 15.axb4 Rxa1 16.Qxa1 Na6
17.Qa3 c5 18.bxc5 Nxc5 19.Bxc5 dxc5 20.Qxc5 f5 21.O-O Rf6 22.Qa7 b6 23.c5 bxc5
24.Nc4 Rf7 25.Qxc5 Qh4 26.d6 fxe4 27.Nxe5 Bxe5 28.Qxe5 Qf4 29.Qxe4 Nxd6 30.Qxf4 Rxf4
31.Rd1 Rf6 32.Nd5 Rf7 33.Nb6 Bb5 34.Rxd6  1-0

[Event "XXIV Open"]
[Site "Cappelle La Grande FRA"]
[Date "2008.02.18"]
[Round "3"]
[White "Saravanan,V1"]
[Black "David,Alb"]
[Result "0-1"]
[WhiteElo "2379"]
[BlackElo "2557"]

1.Nf3 Nf6 2.c4 g6 3.Nc3 Bg7 4.e4 d6 5.d4 O-O 6.Be2 e5 7.Be3 Ng4 8.Bg5 f6
9.Bh4 g5 10.Bg3 Nh6 11.h3 Nc6 12.d5 Ne7 13.Nd2 Ng6 14.Bg4 f5 15.exf5 Nxf5
16.Nde4 Nf4 17.O-O h6 18.c5 b6 19.cxd6 cxd6 20.Re1 Nd4 21.Bxc8 Rxc8 22.Rc1 b5
23.Bxf4 exf4 24.Nd2 b4 25.Ne2 Rxc1 26.Qxc1 Qc8 27.Nxd4 Qxc1 28.Rxc1 Bxd4
29.Ne4 Bxb2 30.Rc7 Rf5 31.Rxa7 Rxd5 32.Kf1 Rd4 33.Nf6+ Kf8 34.Ke2 Rc4 35.Nd5 Rc2+
36.Kf3 Bd4 37.Ra8+ Kf7 38.Ke4 Bc5 39.g3 Re2+ 40.Kd3 f3 41.Rh8 Bxf2  0-1

[Event "10th TCh-Euro sen"]
[Site "Dresden GER"]
[Date "2008.02.18"]
[Round "8"]
[White "Rodkin,R"]
[Black "Trapl,J"]
[Result "1-0"]
[WhiteElo "2218"]
[BlackElo "2337"]

1.Nf3 Nf6 2.d4 g6 3.c4 Bg7 4.Nc3 O-O 5.e4 d6 6.Be2 Na6 7.O-O e5 8.d5 Nc5
9.Qc2 a5 10.b3 Nh5 11.g3 f5 12.Nd2 f4  1-0

[Event "10th TCh-Euro sen"]
[Site "Dresden GER"]
[Date "2008.02.18"]
[Round "8"]
[White "Arkhangelsky,B"]
[Black "Krueger,E"]
[Result "1/2-1/2"]
[WhiteElo "2358"]
[BlackElo "2200"]

1.d4 Nf6 2.Nf3 g6 3.c4 Bg7 4.Nc3 O-O 5.e4 d6 6.Be2 e5 7.O-O Na6 8.Be3 Ng4
9.Bg5 Qe8 10.h3 h6 11.Bc1 Nf6 12.dxe5 dxe5 13.Be3 Qe7 14.Nd5 Qd8 15.Qc2 c6
16.Nxf6+ Qxf6 17.Rfd1 Qe7 18.Qd2 Kh7 19.Qd6 Qxd6 20.Rxd6 Nc7 21.Bd2 Ne6 22.Bc3 Nc5
23.Bxe5 Nxe4 24.Bxg7 Kxg7 25.Rd4 Re8 26.Bf1 c5  1/2-1/2

[Event "XXIV Open"]
[Site "Cappelle La Grande FRA"]
[Date "2008.02.19"]
[Round "5"]
[White "Lalic,B"]
[Black "Housieaux,D"]
[Result "1-0"]
[WhiteElo "2507"]
[BlackElo "2353"]

1.d4 Nf6 2.c4 g6 3.Nc3 Bg7 4.e4 d6 5.Nf3 O-O 6.Be2 e5 7.Be3 Na6 8.O-O c6
9.d5 Ng4 10.Bg5 f6 11.Bh4 c5 12.Ne1 h5 13.h3 Nh6 14.Nd3 Nf7 15.Bg3 Bh6 16.a3 Bg5
17.f4 exf4 18.Bxf4 Qe7 19.Qe1 f5 20.Bxg5 Qxg5 21.Rf3 Re8 22.Qf2 Qh6 23.Rf1 Nc7
24.Qh4 g5 25.Rg3 fxe4 26.Qxh5 exd3 27.Qxf7+ Kh8 28.Bxd3  1-0

[Event "XXIV Open"]
[Site "Cappelle La Grande FRA"]
[Date "2008.02.19"]
[Round "5"]
[White "Gharamian,T"]
[Black "Bogner,S"]
[Result "1-0"]
[WhiteElo "2558"]
[BlackElo "2401"]

1.d4 Nf6 2.c4 g6 3.Nc3 Bg7 4.e4 d6 5.Nf3 O-O 6.Be2 e5 7.O-O c6 8.Be3 Na6
9.a3 exd4 10.Nxd4 Re8 11.Qc2 Ng4 12.Bxg4 Bxg4 13.f3 Be6 14.Nxe6 fxe6 15.Rad1 Qc7
16.Bf2 Nc5 17.Qd2 Rad8 18.b4 Nd7 19.Bh4 Nf6 20.Qe3 e5 21.Rd3 a6 22.Rfd1 Rd7
23.Qd2 Red8 24.c5 b5 25.cxd6 Qb8 26.Ne2 a5 27.bxa5 Rc8 28.Qc3 Ne8 29.Qb3+ Kh8
30.Qe6 Qa7+ 31.Bf2 c5 32.Nc3  1-0

[Event "XXIV Open"]
[Site "Cappelle La Grande FRA"]
[Date "2008.02.19"]
[Round "5"]
[White "Gosset,A"]
[Black "Szelag,M"]
[Result "1/2-1/2"]
[WhiteElo "2136"]
[BlackElo "2484"]

1.Nf3 Nf6 2.c4 g6 3.Nc3 Bg7 4.e4 d6 5.d4 O-O 6.Be2 e5 7.dxe5 dxe5 8.Qxd8 Rxd8
9.Bg5 c6 10.Nxe5 Re8 11.O-O-O Na6 12.Rd6 Be6 13.f4 Nc5 14.Bxf6 Bxf6 15.Rhd1 a5
16.Nd3 Nxd3+ 17.R6xd3 Bxc4 18.Re3 Be6 19.e5 Be7 20.Bd3 Kg7 21.Kb1 Rad8 22.h3 h5
23.Bc2 Rxd1+ 24.Bxd1 Bc5 25.Rf3 Rd8 26.Bc2 h4 27.f5 gxf5 28.Bxf5 Bxf5+ 29.Rxf5 Bd4
30.Rg5+ Kh6 31.Ne4 Rd5 32.Rg4 Bxe5 33.Rxh4+ Kg6 34.Rg4+ Kf5 35.Kc2 b5 36.Ng3+ Ke6
37.Ne2 Rd8 38.Nf4+ Ke7 39.Nd3 Bd4 40.Re4+ Kf8 41.g4 c5 42.h4 Kg7 43.Nf4 a4
44.Ne2 Bf2 45.Nc3 Rb8 46.Re5 Bd4 47.Rg5+ Kf8 48.Rf5 Re8 49.g5 Kg8 50.Nxb5 Re2+
51.Kd3 Rxb2 52.Nxd4 cxd4 53.Ra5 Rxa2 54.Kxd4 Rh2 55.Ke5 Rxh4 56.Kf6 Rf4+
57.Ke5 Rf1 58.Rxa4 Kg7 59.Ra6 Rg1 60.Kf5 Rf1+  1/2-1/2

[Event "10th TCh-Euro sen"]
[Site "Dresden GER"]
[Date "2008.02.19"]
[Round "9"]
[White "Malich,B"]
[Black "Bakalarczyk,W"]
[Result "1-0"]
[WhiteElo "2380"]
[BlackElo "1996"]

1.d4 Nf6 2.Nf3 g6 3.c4 Bg7 4.Nc3 O-O 5.e4 d6 6.Be2 e5 7.O-O Nbd7 8.Re1 c6
9.Bf1 a5 10.d5 Nc5 11.Qc2 Re8 12.Be3 Bd7 13.Rad1 Qb8 14.Nd2 Rc8 15.Bxc5 dxc5
16.a4 cxd5 17.cxd5 Ne8 18.Bb5 Bxb5 19.Nxb5 c4 20.Nxc4 Bf8 21.Qb3 Ra6 22.Re3 Bb4
23.Rf3 Kg7 24.d6 Nf6 25.Nxe5 Rf8 26.Rxf6  1-0

[Event "10th TCh-Euro sen"]
[Site "Dresden GER"]
[Date "2008.02.19"]
[Round "9"]
[White "Pekun,C"]
[Black "Roth,Pe"]
[Result "0-1"]
[WhiteElo "2111"]
[BlackElo "2209"]

1.d4 Nf6 2.c4 g6 3.Nc3 Bg7 4.e4 d6 5.Be2 O-O 6.Nf3 e5 7.O-O Nbd7 8.Bg5 h6
9.Bh4 c6 10.dxe5 dxe5 11.Qc2 Qc7 12.b4 Re8 13.Rfd1 Nh5 14.Rd2 Nf8 15.Bg3 Ne6
16.Rc1 Nhf4 17.Bxf4 Nxf4 18.c5 Be6 19.Rcd1 g5 20.a3 Bf6 21.Na4 Nxe2+ 22.Rxe2 Red8
23.Red2 Rxd2 24.Rxd2 b5 25.Nb2 a5 26.h3 axb4 27.axb4 Ra1+ 28.Kh2 h5 29.Qc3 g4
30.Ng1 Qa7 31.hxg4 hxg4 32.Ne2 Ra3 33.Qc2 Qe7 34.g3 Qf8 35.Kg2 Be7 36.Rd3 Ra8
37.Qc3 f6 38.Qd2 Kf7 39.Ng1 Qh8 40.Nd1 Qh7 41.Nc3 Rh8 42.Rd7 Qh1+ 43.Kf1 Rh2
44.Ne2 Qg2+ 45.Ke1 Qxf2+ 46.Kd1 Qf1+ 47.Kc2 Bxd7  0-1

[Event "1st Pfalz Open"]
[Site "Neustadt a.d. Weinstrasse GER"]
[Date "2008.02.19"]
[Round "5"]
[White "Fecht,HP"]
[Black "Djuric,S"]
[Result "0-1"]
[WhiteElo "2219"]
[BlackElo "2448"]

1.d4 g6 2.c4 Nf6 3.Nc3 Bg7 4.e4 O-O 5.Nf3 d6 6.Be2 Nbd7 7.O-O e5 8.dxe5 dxe5
9.h3 c6 10.Be3 Qe7 11.Qc2 Nh5 12.Rfe1 Nf4 13.Bf1 Ne6 14.Rad1 f5 15.exf5 gxf5
16.Nh2 e4 17.f4 Kh8 18.a3 Rg8 19.Kh1 Nf6 20.Be2 Bh6 21.Qc1 Qc7 22.Rf1 Rg3
23.Bd2 Bd7 24.Be1 Rg6 25.g3 Rag8 26.Qe3 c5 27.Nd5 Nxd5 28.cxd5 Nd4 29.b4 Nxe2
30.Qxe2 cxb4 31.axb4 Bg7 32.Bf2 Qc3 33.Rb1 a6 34.Rfc1 Qa3 35.Nf1 Bb5 36.Qe3 Bd3
37.Rd1 Qa2 38.Rbc1 Qxd5 39.Rc5 Qb3 40.Qd2 Bxf1 41.Rxf1 Qf3+  0-1

[Event "79th ch-GER"]
[Site "Bad Woerishofen GER"]
[Date "2008.02.20"]
[Round "6"]
[White "Gschnitzer,O"]
[Black "Chevelevitch,E"]
[Result "0-1"]
[WhiteElo "2408"]
[BlackElo "2456"]

1.Nf3 Nf6 2.c4 g6 3.Nc3 Bg7 4.e4 d6 5.d4 O-O 6.Be2 e5 7.Be3 Ng4 8.Bg5 f6
9.Bc1 f5 10.dxe5 Nxe5 11.exf5 Bxf5 12.Qd5+ Kh8 13.Qxb7 Nbd7 14.Nxe5 Bxe5
15.O-O Nc5 16.Qd5 Rb8 17.Qd1 Ne4 18.Nxe4 Bxe4 19.f4 Bg7 20.Bd3 Re8 21.Rb1 Bd4+
22.Kh1 c5 23.b3 Qa5 24.Bxe4 Rxe4 25.Qd2 Qxd2 26.Bxd2 Re2 27.Rbd1 Rbe8 28.h3 Kg7
29.Kh2 Kf6 30.a4 Rb8 31.Rf3 Kf5 32.Ba5 Rb2 33.Rdd3 Re8 34.Rd2 Rxd2 35.Bxd2 Re2
36.Ba5 Be3 37.Kg3 Ke4 38.Bc7 Rd2 39.a5 a6 40.Rf1 h5 41.f5 gxf5 42.Kh4 Rxg2
43.Bxd6 f4 44.b4 cxb4 45.Bxb4 f3 46.c5 f2 47.c6 Kf3 48.c7 Rg8 49.Rb1 Kg2
50.Bc5 Bg5+ 51.Kxh5 f1=Q 52.Rxf1 Kxf1 53.Bd4 Bf4  0-1

[Event "XXIV Open"]
[Site "Cappelle La Grande FRA"]
[Date "2008.02.20"]
[Round "6"]
[White "De Verdier,M"]
[Black "Piorun,K"]
[Result "1/2-1/2"]
[WhiteElo "2147"]
[BlackElo "2370"]

1.d4 Nf6 2.Nf3 g6 3.c4 Bg7 4.Nc3 O-O 5.e4 d6 6.Be2 Nbd7 7.O-O e5 8.Be3 Re8
9.d5 Nh5 10.g3 Bf8 11.b4 Ng7 12.Rc1 Be7 13.Ne1 f5 14.c5 Rf8 15.cxd6 cxd6
16.Nb5 b6 17.Nc7 Rb8 18.exf5 gxf5 19.Bh6 Nf6 20.Bxg7 Kxg7 21.Ba6 Bd7 22.Bb5 Kh8
23.Bxd7 Qxd7 24.Ne6 Rfc8 25.Rxc8+ Rxc8 26.Qf3 Qb5 27.Qxf5 Qxd5 28.Ng2 Qe4
29.Ne3  1/2-1/2

[Event "Aeroflot Open A2"]
[Site "Moscow RUS"]
[Date "2008.02.20"]
[Round "7"]
[White "Kryakvin,D"]
[Black "Kalegin,E"]
[Result "1-0"]
[WhiteElo "2535"]
[BlackElo "2480"]

1.d4 Nf6 2.Nf3 g6 3.c4 Bg7 4.Nc3 O-O 5.e4 d6 6.Be2 e5 7.O-O Nbd7 8.Qc2 c6
9.Rd1 Re8 10.d5 c5 11.Bg5 h6 12.Bd2 Kh8 13.a3 Rf8 14.b4 b6 15.g3 Ng8 16.Rab1 Ndf6
17.bxc5 bxc5 18.Qa4 Ne7 19.Nh4 Bd7 20.Qa6 Bc8 21.Qa4 Bd7 22.Qc2 Ne8 23.f3 f5
24.exf5 Bxf5 25.Nxf5 Nxf5 26.Rb7 g5 27.Qe4 Qc8 28.Rdb1 Nf6 29.Qc2 e4 30.Nxe4 Nd4
31.Qd1 Nxe4 32.fxe4 Qe8 33.Bd3 Nf3+ 34.Kh1 Qh5 35.Qe2 Be5 36.Rf1 Rf6 37.Bf4 gxf4
38.Qxf3 Qxf3+ 39.Rxf3 fxg3 40.Rxf6 Bxf6 41.hxg3 Be5 42.g4 a5 43.Be2 Rg8 44.Rb5 Bc3
45.e5 Bxe5 46.Rxa5 Rb8 47.Ra7 Rb2 48.Bd3 Ra2 49.a4 Bc3 50.Bg6 Kg8 51.Be8 Kf8
52.Bb5 Bd2 53.Kg2 Ra3 54.Kf2 Bc3 55.Kf3 Ra1 56.Ke4 Ra2 57.Kf5 Rf2+ 58.Kg6 Rf6+
59.Kh5 Kg8 60.a5 Rf8 61.a6 Bg7 62.Bd7  1-0

[Event "79th ch-GER"]
[Site "Bad Woerishofen GER"]
[Date "2008.02.21"]
[Round "7"]
[White "Neerforth,P"]
[Black "Solonar,S"]
[Result "1-0"]
[WhiteElo "2258"]
[BlackElo "2371"]

1.Nf3 Nf6 2.c4 d6 3.d4 g6 4.Nc3 Nbd7 5.e4 e5 6.Be2 Bg7 7.O-O O-O 8.Be3 Qe7
9.d5 Nc5 10.Nd2 a5 11.a3 a4 12.Bxc5 dxc5 13.Nxa4 Bh6 14.Nc3 Nh5 15.g3 Bh3
16.Re1 Ng7 17.Bf1 Bc8 18.Bg2 Ra6 19.Nb3 Ne8 20.Nc1 Nd6 21.b3 Bd7 22.Nd3 b6
23.Qe2 Raa8 24.a4 Nb7 25.Ra2 Na5 26.Rb2 Rae8 27.Qf1 Bg7 28.Bh3 f5 29.Nb5 Qd8
30.Nc3 g5 31.Reb1 g4 32.Bg2 f4 33.Qd1 f3 34.Bf1 h5 35.Ne1 Rf6 36.b4 cxb4
37.Rxb4 h4 38.c5 hxg3 39.hxg3 bxc5 40.Rb8 Qe7 41.Qd2 Bh6 42.Qb2 c4 43.d6 Rxd6
44.Nd5 Qf8 45.Rxe8 Bxe8 46.Qxe5 Nc6 47.Qc3 Bg7 48.Qxc4 Bf7 49.Nd3 Qd8 50.N3b4 Nxb4
51.Qxb4 Bxd5 52.exd5 Rb6 53.Qe4 Rxb1 54.Qxb1 Qxd5 55.Qb8+ Kh7 56.Qxc7 Kg6
57.a5 Be5 58.Qb6+ Qd6 59.Bd3+ Kh5 60.Qb5 Kh6 61.Kh2 Qd4 62.Qb6+ Kg7 63.Qxd4 Bxd4
64.Bf5 Bxf2 65.Bxg4 Ba7 66.Bxf3 Kf6 67.Kg2 Kf5 68.a6 Bb6 69.Be2 Ba7 70.Kf3 Bb6
71.g4+ Kg5 72.Ke4 Kf6 73.Kd5  1-0

[Event "79th ch-GER"]
[Site "Bad Woerishofen GER"]
[Date "2008.02.22"]
[Round "8"]
[White "Krause,U"]
[Black "Heinig,Wo"]
[Result "1/2-1/2"]
[WhiteElo "2276"]
[BlackElo "2338"]

1.Nf3 Nf6 2.c4 g6 3.Nc3 Bg7 4.e4 d6 5.d4 O-O 6.Be2 e5 7.O-O Nbd7 8.Re1 c6
9.Bf1 a6 10.a3 exd4 11.Nxd4 Re8 12.Nb3 Ne5 13.h3 b5 14.c5 dxc5 15.Nxc5 Qxd1
16.Rxd1 Ned7 17.Be3 Nxc5 18.Bxc5 Be6 19.f3 Bb3 20.Rd6 Rac8 21.Be3 Red8 22.Rxd8+ Rxd8
23.Be2 Nh5 24.f4 Ng3 25.Bf3 Bxc3 26.bxc3 Bc2 27.e5 Be4 28.Kf2 Bxf3 29.Kxg3 Be4
30.Kf2 Kf8 31.Bc5+ Ke8 32.Bd6 h5 33.g4 hxg4 34.hxg4 Kd7 35.Ke3 Bd5 36.a4 Ra8
37.f5 gxf5 38.gxf5 a5 39.axb5 cxb5 40.Kd4 Kc6 41.Ke3 f6 42.Bb4  1/2-1/2

[Event "79th ch-GER"]
[Site "Bad Woerishofen GER"]
[Date "2008.02.23"]
[Round "9"]
[White "Levin,F"]
[Black "Huschenbeth,N"]
[Result "1/2-1/2"]
[WhiteElo "2563"]
[BlackElo "2437"]

1.d4 Nf6 2.c4 g6 3.Nc3 Bg7 4.e4 d6 5.Be2 O-O 6.Nf3 e5 7.dxe5 dxe5 8.Qxd8 Rxd8
9.Bg5 Rf8 10.Nd5 Nxd5 11.cxd5 c6 12.Bc4 b5 13.Bb3 Bb7 14.Rc1 a5 15.Ke2 a4
16.dxc6 Bxc6 17.Bc2 Na6 18.Rhd1 Rfc8 19.Bb1 Be8 20.Be3 f6 21.a3 b4 22.Rxc8 Rxc8
23.Bd3 Nc5 24.Bxc5 Rxc5 25.axb4 Rc8 26.Ne1 Bf8 27.Ba6 Rb8 28.Bc4+ Kg7 29.b5 Bxb5
30.Bxb5 Rxb5 31.Rd7+ Kg8 32.Nd3 a3 33.bxa3 Bxa3 34.g4 g5 35.Kf3 Bb2 36.Nxb2  1/2-1/2

[Event "79th ch-GER"]
[Site "Bad Woerishofen GER"]
[Date "2008.02.23"]
[Round "9"]
[White "Goy,U"]
[Black "Bischoff,D"]
[Result "1/2-1/2"]
[WhiteElo "2282"]
[BlackElo "2155"]

1.d4 Nf6 2.c4 g6 3.Nc3 Bg7 4.e4 d6 5.Be2 O-O 6.Nf3 Nbd7 7.O-O e5 8.Re1 c6
9.Bf1 exd4 10.Nxd4 Ng4 11.Nf3 Qb6 12.Re2 Nde5 13.Nxe5 dxe5 14.h3 Rd8 15.Qc2 Nf6
16.Na4 Qc7 17.b3 b6 18.Bb2 Be6 19.Nc3 Nh5 20.g3 Rd7 21.a4 a5 22.Rd1 Rxd1
23.Nxd1 Bf8 24.Qc3 f6 25.Ne3 Bc5 26.Bc1 Rd8 27.Kh2 Rd7 28.Rd2 Qd8 29.Rxd7 Qxd7
30.Qd2 Ng7 31.Qxd7 Bxd7 32.h4 Kf7 33.Kg2 Ke7 34.Nc2 Ne6 35.Bd3 Kd6  1/2-1/2

[Event "XXIV Open"]
[Site "Cappelle La Grande FRA"]
[Date "2008.02.23"]
[Round "9"]
[White "Moiseenko,A1"]
[Black "David,Alb"]
[Result "1/2-1/2"]
[WhiteElo "2643"]
[BlackElo "2557"]

1.d4 Nf6 2.c4 d6 3.Nc3 e5 4.Nf3 Nbd7 5.e4 g6 6.Be2 Bg7 7.O-O O-O 8.Be3 Re8
9.d5 Nh5 10.Re1 Bf6 11.b4 Be7 12.Rc1 a6 13.Nd2 Ng7 14.Nb3 f5 15.f3 f4 16.Bf2 g5
17.c5 Nf6 18.Na5 Rf8 19.Nc4 Bd7 20.cxd6 Bxd6 21.Nxd6 cxd6 22.Na4 g4 23.Kh1 Ngh5
24.Bh4 g3 25.h3 b5 26.Nc3  1/2-1/2

[Event "Breizh Masters A"]
[Site "Guingamp FRA"]
[Date "2008.02.23"]
[Round "2"]
[White "Kozakov,M"]
[Black "Janev,E"]
[Result "1-0"]
[WhiteElo "2445"]
[BlackElo "2485"]

1.d4 Nf6 2.c4 d6 3.Nc3 g6 4.e4 Bg7 5.Nf3 O-O 6.Be2 e5 7.O-O exd4 8.Nxd4 Re8
9.f3 c6 10.Re1 Nh5 11.Be3 f5 12.Bf1 f4 13.Bf2 Be5 14.Nb3 c5 15.Qd5+ Kg7 16.Rad1 Nc6
17.Nb5 Be6 18.Qd2 Re7 19.Nxd6 Rd7 20.Nxc5 Rxd6 21.Qxd6 Qxd6 22.Rxd6 Bxd6
23.Nxe6+ Kf6 24.Nc5 b6 25.e5+ Nxe5 26.Ne4+ Ke6 27.c5 Bc7 28.cxb6 axb6 29.Rc1 Bd8
30.Rd1 Bc7 31.Nc3 Rd8 32.Rxd8 Bxd8 33.Na4 Nd7 34.Bb5 Nhf6 35.Kf1 Nd5 36.Ke2 Ne5
37.Bd4 Kd6 38.a3 Bc7 39.b3 Ke6 40.Bc4 Kd6 41.Bxd5 Kxd5 42.Bxb6 Bd6 43.Nc3+ Ke6
44.a4 Bb4 45.Na2 Bd6 46.Bd4 Nc6 47.Kd3 g5 48.Ke4 h5 49.h3 Ne7 50.a5  1-0

[Event "6th Festival Gp B"]
[Site "Nancy FRA"]
[Date "2008.02.23"]
[Round "8"]
[White "Spielmann,Al"]
[Black "Gladyszev,O"]
[Result "1-0"]
[WhiteElo "2279"]
[BlackElo "2485"]

1.d4 Nf6 2.Nf3 g6 3.c4 Bg7 4.Nc3 O-O 5.e4 d6 6.Be2 e5 7.O-O Nh5 8.Re1 Nf4
9.Bf1 Bg4 10.d5 Qf6 11.Re3 a5 12.h3 Bd7 13.Nb5 Na6 14.Bd2 c6 15.Nc3 Nc5 16.dxc6 bxc6
17.Na4 Nxa4 18.Qxa4 Ne6 19.Ra3 Nc5 20.Qc2 Qd8 21.Be3 Ne6 22.Qd2 Qc7 23.Rd1 Rfd8
24.Rb3 c5  1-0

[Event "XI Open"]
[Site "Malaga ESP"]
[Date "2008.02.26"]
[Round "5"]
[White "Lopez Gonzalez,D"]
[Black "Matamoros Franco,C"]
[Result "0-1"]
[WhiteElo "2220"]
[BlackElo "2529"]

1.d4 Nf6 2.c4 g6 3.Nc3 Bg7 4.e4 d6 5.Be2 O-O 6.Nf3 e5 7.Be3 exd4 8.Nxd4 Re8
9.f3 c6 10.Bf2 Bh6 11.O-O Nbd7 12.Kh1 Ne5 13.Re1 Nh5 14.Bf1 Qf6 15.Nc2 Be6
16.Be3 Bf4 17.Bxf4 Nxf4 18.Ne3 h5 19.Qd2 h4 20.Nf5 g5 21.Nxd6 Red8 22.c5 b6
23.Qe3 bxc5 24.Nb7 Rdb8 25.Nxc5 Rxb2 26.Nxe6 fxe6 27.Rab1 Rc2 28.Rec1 Rxc1
29.Rxc1 g4 30.Ne2 Nfd3 31.Rc3 gxf3 32.gxf3 Rd8 33.Nd4 Ng4 34.Qd2 Ngf2+  0-1

[Event "ch-ROU"]
[Site "Cluj ROU"]
[Date "2008.02.28"]
[Round "6"]
[White "Nanu,C"]
[Black "Nemeth,F"]
[Result "1/2-1/2"]
[WhiteElo "2527"]
[BlackElo "2451"]

1.d4 Nf6 2.Nf3 g6 3.c4 Bg7 4.Nc3 d6 5.e4 O-O 6.Be2 e5 7.O-O Na6 8.Be3 Ng4
9.Bg5 Qe8 10.dxe5 dxe5 11.h3 f6 12.Bd2 Nh6 13.c5 Nxc5 14.Qc1 Nf7 15.Nd5 Ne6
16.Nxc7 Nxc7 17.Qxc7 Nd8 18.Rac1 Be6 19.Bc4 Rf7 20.Bxe6 Qxe6 21.Qc4 Qxc4
22.Rxc4 Rd7 23.Be3 Kf7 24.Rfc1 Bf8 25.Rc7 Ke6 26.Nd2 Nc6 27.Rxd7 Kxd7 28.Nb3 b6
29.Kf1 Rc8 30.Ke2 Nb4 31.Rxc8 Kxc8 32.a3 Na6 33.Kd3 Kd7 34.Kc4 Kc6 35.a4 Nc7
36.Nc1 a6 37.Nd3 b5+ 38.axb5+ axb5+ 39.Kc3 Ne6 40.f3 Bd6 41.Bf2 Bc5 42.Nxc5  1/2-1/2

[Event "XI Open"]
[Site "Malaga ESP"]
[Date "2008.03.01"]
[Round "9"]
[White "Munoz Moreno,F"]
[Black "Shoker,S"]
[Result "0-1"]
[WhiteElo "2253"]
[BlackElo "2381"]

1.d4 g6 2.c4 Bg7 3.e4 d6 4.Nc3 Nd7 5.Nf3 e5 6.Be2 Ngf6 7.O-O O-O 8.Re1 Re8
9.Bf1 c6 10.Rb1 exd4 11.Nxd4 d5 12.cxd5 cxd5 13.exd5 Rxe1 14.Qxe1 Nb6 15.d6 Qxd6
16.Ndb5 Qc6 17.Bf4 Nfd5 18.Nxd5 Nxd5 19.Be5 Bh6 20.Rd1 Be6 21.Nd4 Qd7 22.Nxe6 fxe6
23.g3 Qf7 24.Bh3 Re8 25.Bd4 b6 26.Qe4 Re7 27.Re1 Nc7 28.Be5 Ne8 29.Bc3 Nc7
30.Bb4 Re8 31.Bd6 Bg7 32.Be5 Bf6 33.Bxf6 Qxf6 34.Qc6 Re7 35.Qd6 Kg7 36.b4 Nb5
37.Qe5 Nd4 38.Bg2 Qxe5 39.Rxe5 Rc7 40.Re1 Rc2 41.a4 Rb2 42.b5 Ra2 43.Rb1 Rxa4
44.Bf1 Kf6 45.Rc1 h5 46.h4 Ra2 47.Rc7 Nf3+ 48.Kg2 Ne5 49.Rc3 Ke7 50.Re3 Ng4
51.Re2 Ra1 52.Rc2 Ne5 53.Be2 Kf6 54.Rc7 Ra2 55.Kf1 Ra1+ 56.Kg2 Nf7  0-1

[Event "XI Open"]
[Site "Malaga ESP"]
[Date "2008.03.01"]
[Round "9"]
[White "Pilaj,H"]
[Black "Matamoros Franco,C"]
[Result "1-0"]
[WhiteElo "2374"]
[BlackElo "2529"]

1.d4 Nf6 2.c4 g6 3.Nc3 Bg7 4.e4 d6 5.Nf3 O-O 6.Be2 e5 7.Be3 exd4 8.Nxd4 Re8
9.f3 c6 10.Bf2 Bh6 11.O-O Nbd7 12.Kh1 Ne5 13.Bh4 Bg7 14.Nc2 a5 15.f4 Ned7
16.c5 Nxc5 17.e5 Bf5 18.exf6 Bxf6 19.Bxf6 Qxf6 20.Nd4 Be4 21.f5 g5 22.Qd2 Re5
23.Nb3 Nxb3 24.axb3 Rae8 25.Nxe4 Rxe4 26.Bf3 Rb4 27.Qc2 Re3 28.Rxa5 Rbxb3
29.Ra8+ Kg7 30.Qd2 Red3 31.Qa5 Rxb2 32.Qa7 Kh6 33.Qb8 Rd4 34.Qf8+ Qg7 35.Qe7 f6
36.Qe8 Rh4 37.Ra4 g4 38.h3 Rb5 39.Rxg4 Rxg4 40.Bxg4  1-0

[Event "Lendas do Xadrez"]
[Site "Rio de Janeiro BRA"]
[Date "2008.03.01"]
[Round "3"]
[White "Cramling,D"]
[Black "Perdomo,L"]
[Result "1-0"]
[WhiteElo "2425"]
[BlackElo "2354"]

1.d4 Nf6 2.c4 g6 3.Nc3 Bg7 4.e4 d6 5.Be2 O-O 6.Nf3 e5 7.d5 a5 8.Be3 Ng4 9.Bg5 f6
10.Bh4 h5 11.Nd2 Nh6 12.f3 Na6 13.a3 Bd7 14.Rb1 c5 15.dxc6 bxc6 16.b4 Nf7
17.O-O Bh6 18.Bf2 axb4 19.axb4 f5 20.c5 dxc5 21.bxc5 Qe7 22.Na4 Nc7 23.Nc4 Rfd8
24.Nab6 Ra2 25.Ra1 Rxa1 26.Qxa1 Ne6 27.Nxe5 Bg7 28.Nbxd7 Nxe5 29.Nxe5 Nf4
30.Qa2+ Kh7 31.Nc4 Qg5 32.Bg3 Nh3+ 33.gxh3 f4 34.h4 Bd4+ 35.Kg2  1-0

[Event "58th ch-RUS w 1st liga"]
[Site "Smolensk RUS"]
[Date "2008.03.03"]
[Round "6"]
[White "Lupik,M"]
[Black "Kindinova,E"]
[Result "1/2-1/2"]
[WhiteElo "2222"]
[BlackElo "2097"]

1.d4 Nf6 2.c4 g6 3.Nc3 Bg7 4.e4 d6 5.Nf3 O-O 6.Be2 e5 7.O-O c6 8.Be3 Na6
9.Re1 exd4 10.Nxd4 Nc5 11.f3 a5 12.Qd2 Re8 13.Rad1 Qe7 14.Bf1 Nh5 15.g4 Nf6
16.Nc2 Bf8 17.Bf4 Qc7 18.Bxd6 Qb6 19.Kh1 Bxg4 20.fxg4 Ncxe4 21.Nxe4 Nxe4
22.Rxe4 Rxe4 23.Qg2 Rae8 24.Bxf8 Kxf8 25.b3 Rf4 26.Qg3 Rf2 27.Qd6+ Kg8 28.c5 Qa7
29.Bd3 Qb8 30.Qxb8 Rxb8 31.Kg1 Rf4 32.h3 Rd8 33.Be2 Re8 34.Bc4 Re5 35.Rd7 Rxc5
36.Rxb7 h5 37.Ne1 hxg4 38.Nd3 Rfxc4 39.bxc4 Rxc4 40.Rxf7 Kxf7 41.Ne5+ Ke6
42.Nxc4 gxh3 43.Nxa5 c5  1/2-1/2

[Event "XXIII Open"]
[Site "Reykjavik ISL"]
[Date "2008.03.04"]
[Round "2"]
[White "Grandelius,N"]
[Black "Bojkov,D"]
[Result "1-0"]
[WhiteElo "2371"]
[BlackElo "2523"]

1.d4 Nf6 2.c4 g6 3.Nc3 Bg7 4.e4 d6 5.Be2 O-O 6.Nf3 Na6 7.O-O e5 8.Be3 Ng4
9.Bg5 Qe8 10.c5 h6 11.Bh4 exd4 12.Nxd4 dxc5 13.Nb3 c4 14.Bxc4 Nb4 15.a3 Nc6
16.h3 Nf6 17.Re1 Ne5 18.Bf1 g5 19.Bg3 c6 20.Nd4 Qe7 21.Nf5 Bxf5 22.exf5 Rad8
23.Qe2 Nfd7 24.f4 gxf4 25.Bxf4 Rfe8 26.Kh1 Nc5 27.Qh5 Qf6 28.Rad1 Rxd1 29.Nxd1 Re7
30.Nf2 Ned7 31.Rxe7 Qxe7 32.Bxh6 Bxb2 33.g3 Bg7 34.Bxg7 Kxg7 35.Ng4 Ne4 36.Qh6+ Kg8
37.Bd3 Nxg3+ 38.Kg2 Ne4 39.Qe3 Ndc5 40.f6 Qe6 41.Qh6 Qa2+ 42.Kf3 Nd2+ 43.Kg3 Nce4+
44.Kf4  1-0